Levelling-up and Regeneration Act 2023 (Record no. 121697)
[ view plain ]
| 000 -LEADER | |
|---|---|
| fixed length control field | 01866nam a22002417a 4500 |
| 008 - FIXED-LENGTH DATA ELEMENTS--GENERAL INFORMATION | |
| fixed length control field | 231106s2023 xxk|||||ol|||o00| 0 eng d |
| 041 ## - LANGUAGE CODE | |
| Language code of text/sound track or separate title | eng |
| 110 ## - MAIN ENTRY--CORPORATE NAME | |
| Corporate author | Parliament |
| 245 ## - TITLE STATEMENT | |
| Title | Levelling-up and Regeneration Act 2023 |
| 260 ## - PUBLICATION INFORMATION | |
| Date | 2023 |
| 520 ## - ABSTRACT | |
| Abstract | An Act to make provision for the setting of levelling-up missions and reporting on progress in delivering them; about local democracy; about town and country planning; about Community Infrastructure Levy; about the imposition of infrastructure Levy; about environmental outcome reports for certain consents and plans; about nutrient pollution standards; about regeneration; about the compulsory purchase of land; about information and records relating to land, the environment or heritage; about the registration of short-term rental properties; for the provision for pavement licences to be permanent; about governance of the Royal Institution of Chartered Surveyors; about the charging of fees in connection with marine licences; for a body to replace the Health and Safety Executive as the building safety regulator; about the transfer of land for Academy schools; about the review of maps of open country and registered common land; about the regulation of childminding; about qualifying leases under the Building Safety Act 2022; about road user charging schemes in London; about National Parks, areas of outstanding natural beauty and the Broads; and for connected purposes. |
| 650 ## - KEYWORDS | |
| Keywords | COMMON LAND |
| 650 ## - KEYWORDS | |
| Keywords | COMPULSORY PURCHASE |
| 650 ## - KEYWORDS | |
| Keywords | BUILDING SAFETY ACT 2022 |
| 650 ## - KEYWORDS | |
| Keywords | FIRE SAFETY |
| 650 ## - KEYWORDS | |
| Keywords | HOUSING |
| 650 ## - KEYWORDS | |
| Keywords | LEVELLING-UP AND REGENERATION ACT 2023 |
| 650 ## - KEYWORDS | |
| Keywords | MARINE LICENCES |
| 650 ## - KEYWORDS | |
| Keywords | POLLUTION |
| 651 ## - SUBJECT ADDED ENTRY--GEOGRAPHIC NAME | |
| Geographic name | United Kingdom |
| 856 ## - ONLINE RESOURCE | |
| Uniform Resource Identifier | <a href="https://www.legislation.gov.uk/ukpga/2023/55/contents/enacted">https://www.legislation.gov.uk/ukpga/2023/55/contents/enacted</a> |
| Public note | Available on legislation.gov.uk |
| 942 ## - ADDED ENTRY ELEMENTS (KOHA) | |
| Suppress in OPAC | Do not suppress in OPAC |
| Lost status | Damaged status | Not for loan | Home library | Current library | Shelving location | Date acquired | Total Checkouts | Full call number | Date last seen | Price effective from | Koha item type |
|---|---|---|---|---|---|---|---|---|---|---|---|
| Virtual | Virtual | Online | 06/11/2023 | LEGISLATION | 06/11/2023 | 06/11/2023 | Online material |